LEADER 01975nam 2200445 450 001 000002160 005 20091217161000.0 100 $a20011016h19531953km-y0itay0103----ba 101 0 $aita 102 $aIT 200 1 $aGaspare Broglio Tartaglia e l'importanza della sua cronaca inedita manoscritta del secolo XV (conservata nella Biblioteca Civica Gambalunga di Rimini)$fGiuseppe Solimene 210 $aNapoli$bCorso V. E., 432$c<> Moles$d1953$eNapoli$fVia Trone alla Salute, 6$gStabilimento tipografico Gennaro D'Agostino s. r. l.$h1953 215 $a[3], 41 p., [2] c. di tav.$cill.$d25 cm. 225 1 $a<> quaderni de "L'approdo del sud" 303 $aSulla quarta di cop. pubblicità editoriale e prezzo: L. 350" 303 $aSul front. dedica manoscritta dell'aut.: "Con cara amicizia e illimitata stima/ Giuseppe Solimene" 327 $aPremessa, p.[1-3] 600 1$aBroglio Tartaglia,$bGaspare$xDocumenti 700 1$aSolimene,$bGiuseppe$0438320 801 0$aIT$bUniversità della Basilicata - B.I.A.$gRICA$2unimarc 912 $a000002160 996 $aGaspare Broglio Tartaglia e l'importanza della sua cronaca inedita manoscritta del secolo XV (conservata nella Biblioteca Civica Gambalunga di Rimini$971356 997 $aUNIBAS BAS $aMONLET BAS $aMONOGR BAS $aLETTERE CAT $aGINO$b10$c19990816$lBAS01$h1156 CAT $aGINO$b10$c19990816$lBAS01$h1157 CAT $c20000913$lBAS01$h1425 CAT $c20000920$lBAS01$h1829 CAT $c20001010$lBAS01$h1632 CAT $aTROMBONE$b20$c20011016$lBAS01$h1611 CAT $c20050601$lBAS01$h1752 CAT $abatch$b01$c20050718$lBAS01$h1047 CAT $c20050718$lBAS01$h1106 CAT $c20050718$lBAS01$h1136 CAT $c20050718$lBAS01$h1150 CAT $aATR$b40$c20091217$lBAS01$h1610 FMT Z30 -1$lBAS01$LBAS01$mBOOK$1BASA1$APolo Storico-Umanistico$2FDEP$BFondo De Pilato$3FD/1211$9FD$61211$51211$819990816$f52$FRari LEADER 03716nam 22007933u 450 001 9910460166403321 005 20210114212321.0 010 $a1-4529-4422-9 035 $a(CKB)3710000000382826 035 $a(EBL)2002051 035 $a(OCoLC)905649816 035 $a(SSID)ssj0001460580 035 $a(PQKBManifestationID)11822141 035 $a(PQKBTitleCode)TC0001460580 035 $a(PQKBWorkID)11467711 035 $a(PQKB)11192434 035 $a(MiAaPQ)EBC2002051 035 $a(EXLCZ)993710000000382826 100 $a20151005d2015|||| u|| | 101 0 $aeng 135 $aur|n|---||||| 181 $ctxt 182 $cc 183 $acr 200 10$aCapacity Contract$b[electronic resource] $eIntellectual Disability and the Question of Citizenship 210 $aMinneapolis $cUniversity of Minnesota Press$d2015 215 $a1 online resource (193 p.) 300 $aDescription based upon print version of record. 311 $a1-336-22562-9 311 $a0-8166-9403-6 327 $a""Cover""; ""Contents""; ""Abbreviations""; ""Introduction: Anxiety, Democracy, and Disability""; ""1. Lockea???s Capacity Contract and the Construction of Idiocy""; ""2. Manufacturing Anxiety: The Medicalization of Mental Defect""; ""3. The Disavowal of Disability in Contemporary Contract Theory""; ""4. Rethinking Political Agency: Arendt and the Self-Advocacy Movement""; ""5. Self-Advocates and Allies Becoming Empowered""; ""Acknowledgments""; ""Notes""; ""Index""; ""A""; ""B""; ""C""; ""D""; ""E""; ""F""; ""G""; ""H""; ""I""; ""J""; ""K""; ""L""; ""M""; ""N""; ""O""; ""P""; ""Q""; ""R"" 327 $a""S""""T""; ""U""; ""V""; ""W""; ""Y"" 330 $a

Contents

Abbreviations
Introduction: Anxiety, Democracy, and Disability
1. Locke's Capacity Contract and the Construction of Idiocy
2. Manufacturing Anxiety: The Medicalization of Mental Defect
3. The Disavowal of Disability in Contemporary Contract Theory
4. Rethinking Political Agency: Arendt and the Self-Advocacy Movement
5. Self-Advocates and Allies Becoming Empowered
Acknowledgments
Notes
Index

606 $aCognition disorders -- Political aspects 606 $aPeople with mental disabilities -- Civil rights 606 $aPeople with mental disabilities -- Political activity 606 $aPolitical rights 606 $aPeople with mental disabilities$xCivil rights 606 $aPeople with mental disabilities$xPolitical activity 606 $aCognition disorders$xPolitical aspects 606 $aPolitical rights 606 $aPolitical participation 606 $aCitizenship 606 $aSocial Welfare & Social Work$2HILCC 606 $aSocial Sciences$2HILCC 606 $aDisabilities$2HILCC 608 $aElectronic books. 615 4$aCognition disorders -- Political aspects. 615 4$aPeople with mental disabilities -- Civil rights. 615 4$aPeople with mental disabilities -- Political activity. 615 4$aPolitical rights. 615 0$aPeople with mental disabilities$xCivil rights 615 0$aPeople with mental disabilities$xPolitical activity 615 0$aCognition disorders$xPolitical aspects 615 0$aPolitical rights 615 0$aPolitical participation 615 0$aCitizenship 615 7$aSocial Welfare & Social Work 615 7$aSocial Sciences 615 7$aDisabilities 676 $a323.32 700 $aSimplican$b Stacy Clifford$01049054 801 0$bAU-PeEL 801 1$bAU-PeEL 801 2$bAU-PeEL 906 $aBOOK 912 $a9910460166403321 996 $aCapacity Contract$92477746 997 $aUNINA